000 00315nam a2200133Ia 4500
100 _aMillman/Jacob
942 _cBK
654 _aintegrated
245 _aIntegrated Electronics:Analog and digital circuits
260 _bMcGraw Hill
_aTokyo
_c1986
082 _a621.38179
_bMIL
300 _a911
546 _aENGLISH
999 _c35689
_d35689